[Event "AUTO-INT-1803"]
[Site "http://www.queenalice.com/game.php?id=869697"]
[Date "2010.12.9"]
[Round "2"]
[White "Givanildo"]
[Black "MCMLXXXI"]
[Result "0-1"]
[WhiteElo "1714"]
[BlackElo "1881"]

1. e4 c5 2. Bc4 Nc6 3. c3 e5 4. Qf3 Nf6 5. h3 Be7 6. d3 a6 7. a4 O-O 8. g4 d6 9.
g5 Ne8 10. h4 Na5 11. Bd5 Nc7 12. b4 Nxd5 13. exd5 cxb4 14. Bb2 Nb3 15. Ra2 a5
16. c4 b6 17. Ne2 Nc5 18. Ng3 Qd7 19. Ne4 Nxa4 20. Bc1 Nc5 21. Nxc5 bxc5 22. h5
a4 23. h6 g6 24. Nd2 Bxg5 25. Ne4 Be7 26. Be3 Qd8 27. Qg3 a3 28. Bg5 f6 29. Bh4
b3 30. Rd2 b2 31. O-O a2 32. Rxb2 a1=Q 33. f4 Qxb2 34. fxe5 Qd4+ 35. Kh1 Ra1 36.
Kg2 Rxf1 37. Kxf1 dxe5 38. Qe1 Bh3+ 39. Ke2 f5 40. Ng5 Bxg5 41. Bxg5 Qxg5 42.
Kd1 Qb2 43. Qxe5 Qbd2# 0-1

[Event "AUTO-INT-1803"]
[Site "http://www.queenalice.com/game.php?id=869698"]
[Date "2010.12.9"]
[Round "2"]
[White "MCMLXXXI"]
[Black "Givanildo"]
[Result "1-0"]
[WhiteElo "1893"]
[BlackElo "1627"]

1. e4 e5 2. Nf3 f6 3. Bc4 Bc5 4. O-O d6 5. c3 Bg4 6. d3 h5 7. Be3 Bxe3 8. fxe3
Ne7 9. h3 Ng6 10. hxg4 hxg4 11. Nh2 g3 12. Nf3 a6 13. Qb3 Rf8 14. Qxb7 Nd7 15.
Bb3 Nc5 16. Qc6+ Ke7 17. d4 Nxe4 18. Qxe4 f5 19. Qd5 Qd7 20. dxe5 Nxe5 21. Nxe5
dxe5 22. Qxe5+ Kd8 23. Rd1 Qxd1+ 24. Bxd1 g6 25. Qd5+ Kc8 26. Qxa8+ Kd7 27. Qxf8
c5 28. Bf3 c4 29. Na3 f4 30. Rd1+ Kc7 31. Qd8# 1-0

[Event "AUTO-ADV-2032"]
[Site "http://www.queenalice.com/game.php?id=883342"]
[Date "2011.1.8"]
[Round "1"]
[White "willyanF"]
[Black "MCMLXXXI"]
[Result "1-0"]
[WhiteElo "1939"]
[BlackElo "1886"]

1. d4 d5 2. c4 e6 3. Nf3 Nf6 4. Bg5 Be7 5. e3 O-O 6. Nc3 c6 7. Bd3 Nbd7 8. O-O
dxc4 9. Bxc4 Nd5 10. Bxe7 Qxe7 11. a3 a6 12. Qc2 N7b6 13. Bd3 Nf6 14. Rac1 Nbd5
15. e4 Nf4 16. Bc4 b5 17. Ba2 Ng6 18. Bb1 Bd7 19. h4 e5 20. dxe5 Nxe5 21. Nxe5
Qxe5 22. f4 Qd4+ 23. Kh1 g6 24. Rcd1 Qa7 25. Rf3 Bg4 26. f5 Bxf3 27. gxf3 Qe3
28. Qg2 Nh5 29. Rg1 Nf4 30. Qg4 h5 31. Qg3 Ne2 32. Nxe2 Qxe2 33. fxg6 f6 34. b4
Rad8 35. g7 Rf7 36. Rg2 Rd1+ 37. Kh2 Qe1 38. Qb8+ 1-0

[Event "AUTO-ADV-2032"]
[Site "http://www.queenalice.com/game.php?id=883343"]
[Date "2011.1.8"]
[Round "1"]
[White "MCMLXXXI"]
[Black "willyanF"]
[Result "0-1"]
[WhiteElo "1897"]
[BlackElo "1920"]

1. e4 c5 2. Nf3 e6 3. d4 cxd4 4. Nxd4 Nc6 5. Nc3 Nf6 6. Bg5 Be7 7. Bc4 O-O 8.
O-O Qb6 9. Nb3 Ne5 10. Bd3 a6 11. Be3 Qc7 12. h3 b5 13. f4 Ng6 14. e5 Nd5 15.
Nxd5 exd5 16. Nd4 Bc5 17. Qe2 Bb7 18. Kh1 d6 19. Bxg6 fxg6 20. Ne6 Qb6 21. Bxc5
dxc5 22. Nxf8 Rxf8 23. Kh2 Qe6 24. b3 d4 25. Qd3 g5 26. g3 gxf4 27. gxf4 Qd5 28.
Qd2 Rf5 29. Rg1 Rh5 30. Qe2 Rh6 31. f5 Bc8 32. Qg4 Qxe5+ 33. Kg2 Qxf5 34. Kg3
Rg6 0-1

[Event "AUTO-OPEN-2224"]
[Site "http://www.queenalice.com/game.php?id=883790"]
[Date "2011.1.10"]
[Round "1"]
[White "ONIT91"]
[Black "MCMLXXXI"]
[Result "1-0"]
[WhiteElo "1723"]
[BlackElo "1779"]

1. c4 e5 2. Nc3 Nc6 3. e3 Nf6 4. Nge2 a6 5. g3 Bb4 6. Bg2 O-O 7. O-O d6 8. a3
Ba5 9. b4 Bb6 10. d4 exd4 11. exd4 Bg4 12. c5 Ba7 13. f3 Be6 14. Bg5 Bc4 15. Nd5
Bxd5 16. Nf4 Bc4 17. Rf2 d5 18. Nh5 Nxh5 19. Bxd8 Nxd8 20. f4 Nf6 21. g4 c6 22.
h3 b5 23. Rf3 Re8 24. Rf2 Ne6 25. g5 Ne4 26. Bxe4 dxe4 27. Qe1 Nxd4 28. Qd1 Rad8
29. Qg4 e3 30. Rg2 e2 31. Re1 Bd5 32. Rf2 Re3 33. Rfxe2 Rxe2 34. Rxe2 Bf3 35.
Re8+ Rxe8 36. Qd7 Rf8 37. Qxa7 g6 38. Qxa6 Re8 39. Qb7 1-0

[Event "AUTO-OPEN-2224"]
[Site "http://www.queenalice.com/game.php?id=883791"]
[Date "2011.1.10"]
[Round "1"]
[White "MCMLXXXI"]
[Black "ONIT91"]
[Result "0-1"]
[WhiteElo "1761"]
[BlackElo "1741"]

1. e4 g6 2. d4 e6 3. Nf3 Bg7 4. Bc4 c6 5. Nc3 d5 6. exd5 cxd5 7. Bb3 Nf6 8. O-O
b6 9. Bg5 a6 10. Re1 O-O 11. Ne2 Qc7 12. Ng3 Nc6 13. c3 Bb7 14. Qd3 b5 15. Ne5
Ne4 16. Nxe4 dxe4 17. Qg3 Nxe5 18. Bf4 Qe7 19. Bxe5 f5 20. Bd6 Qd7 21. Bxf8 Rxf8
22. Qf4 Bd5 23. h3 h6 24. Rad1 a5 25. Bxd5 exd5 26. a3 g5 27. Qd2 f4 28. Kh2 Qd6
29. f3 Re8 30. b4 e3 31. Qd3 axb4 32. axb4 e2 33. Rd2 Re3 34. Qc2 h5 35. Rdxe2
Rxe2 36. Qxe2 Qc7 37. Qe8+ Kh7 38. Qxh5+ Bh6 0-1

[Event "AUTO-OPEN-2224"]
[Site "http://www.queenalice.com/game.php?id=883812"]
[Date "2011.1.10"]
[Round "1"]
[White "Agildo"]
[Black "MCMLXXXI"]
[Result "1-0"]
[WhiteElo "1857"]
[BlackElo "1862"]

1. d4 Nf6 2. c4 b6 3. Nc3 Bb7 4. Nf3 e6 5. Bf4 Be7 6. e3 O-O 7. Bd3 d5 8. O-O c5
9. Be5 Ng4 10. h3 Nxe5 11. Nxe5 f6 12. Nf3 e5 13. dxe5 d4 14. exd4 cxd4 15. Ne2
Bxf3 16. gxf3 Nc6 17. Be4 Rc8 18. Nf4 fxe5 19. Ne6 Qd6 20. Nxf8 Bxf8 21. Qc2 Qh6
22. Qc1 Qxh3 23. Bd5+ Kh8 24. Qg5 Be7 25. Qg3 Qxg3+ 26. fxg3 Nb4 27. Rfc1 Nd3
28. Rcb1 g6 29. b3 Ba3 30. Be4 Nc5 31. Kf2 Rf8 32. Re1 1-0

[Event "AUTO-OPEN-2224"]
[Site "http://www.queenalice.com/game.php?id=883813"]
[Date "2011.1.10"]
[Round "1"]
[White "MCMLXXXI"]
[Black "Agildo"]
[Result "1-0"]
[WhiteElo "1872"]
[BlackElo "1860"]

1. e4 c6 2. d4 d5 3. Nc3 dxe4 4. Nxe4 Bf5 5. Ng3 Bg6 6. Bf4 Nf6 7. Nf3 e6 8. Bd3
Bxd3 9. Qxd3 Bd6 10. O-O O-O 11. Bxd6 Qxd6 12. c4 Nbd7 13. b3 e5 14. Nf5 e4 15.
Nxd6 exd3 16. Nxb7 Ne4 17. Rfe1 Ndf6 18. Rad1 Rab8 19. Na5 Rbc8 20. Ne5 d2 21.
Re3 Rfd8 22. Nexc6 Rd7 23. f3 Ng5 24. Rxd2 Rd6 25. Ne7+ 1-0

[Event "AUTO-OPEN-2224"]
[Site "http://www.queenalice.com/game.php?id=883824"]
[Date "2011.1.10"]
[Round "1"]
[White "talounet"]
[Black "MCMLXXXI"]
[Result "1-0"]
[WhiteElo "2067"]
[BlackElo "1816"]

1. d4 d5 2. Bf4 Nf6 3. e3 Bf5 4. Bd3 Be4 5. f3 Bg6 6. c3 e6 7. Qc2 Nc6 8. Nd2
Qd7 9. a3 Bxd3 10. Qxd3 Be7 11. e4 O-O-O 12. e5 Ne8 13. Bg3 f6 14. f4 h6 15.
Ngf3 g5 16. fxg5 fxg5 17. O-O-O 1-0

[Event "AUTO-OPEN-2224"]
[Site "http://www.queenalice.com/game.php?id=883825"]
[Date "2011.1.10"]
[Round "1"]
[White "MCMLXXXI"]
[Black "talounet"]
[Result "0-1"]
[WhiteElo "1822"]
[BlackElo "2061"]

1. e4 d6 2. Bc4 g6 3. Nf3 Bg7 4. O-O Nf6 5. d3 c6 6. Bg5 Nbd7 7. Nc3 O-O 8. Re1
b5 9. Bb3 a5 10. a4 b4 11. Na2 c5 12. c3 Ba6 13. d4 c4 14. Bxf6 Bxf6 15. Bxc4
Bxc4 16. Nc1 bxc3 0-1

[Event "1981"]
[Site "http://www.queenalice.com/game.php?id=900627"]
[Date "2011.2.14"]
[Round "-"]
[White "R0ni"]
[Black "MCMLXXXI"]
[Result "1-0"]
[WhiteElo "2201"]
[BlackElo "1900"]

1. e4 c5 2. c3 Nc6 3. d4 cxd4 4. cxd4 d6 5. d5 Ne5 6. f4 Nd7 7. Be3 g6 8. Nf3
Bg7 9. Nc3 Nb6 10. Bd3 e6 11. O-O Ne7 12. Qb3 O-O 13. Rae1 exd5 14. Nxd5 Be6 15.
Bxb6 axb6 16. Bb5 1-0